[Event "23rd EUR-ch"]
[Site "Vrnjacka Banja SRB"]
[Date "2023.03.11"]
[Round "9.154"]
[White "Filip, Andrei"]
[Black "Gramb, Marius"]
[Result "1-0"]
[WhiteElo "2325"]
[BlackElo "2159"]
[EventDate "2023.03.03"]
[PlyCount "71"]

1.e4 c6 2.Nc3 d5 3.Nf3 dxe4 4.Nxe4 Nf6 5.Qe2 Nxe4 6.Qxe4 Nd7 7.Bc4 Nf6 8.
Ne5 e6 9.Qe2 b5 10.Bd3 Qc7 11.a4 Bd6 12.Nxc6 bxa4 13.Nd4 a6 14.Nf5 Be5 15.
Nxg7+ Kf8 16.Nh5 Nxh5 17.Qxh5 Bb7 18.O-O Rd8 19.f3 Rd5 20.Qh6+ Bg7 21.Qh4 
Rd4 22.Be4 Bxe4 23.fxe4 Qxc2 24.d3 Rd7 25.Bh6 Qc5+ 26.Kh1 Qe7 27.Bg5 Qd6 
28.Rac1 Rc7 29.Rxc7 Qxc7 30.Rc1 Qd7 31.Be7+ Kg8 32.Qg3 f5 33.Bf6 Kf8 34.
Rc8+ Qxc8 35.Qxg7+ Ke8 36.Qe7# 1-0

[Event "23rd EUR-ch"]
[Site "Vrnjacka Banja SRB"]
[Date "2023.03.11"]
[Round "9.155"]
[White "Sukovic, Andrej"]
[Black "Manukian, Sargis A."]
[Result "1-0"]
[WhiteElo "2322"]
[BlackElo "2163"]
[EventDate "2023.03.03"]
[PlyCount "77"]

1.e4 c5 2.Nf3 d6 3.Nc3 Nf6 4.Bc4 Nc6 5.d4 cxd4 6.Nxd4 g6 7.Nxc6 bxc6 8.e5 
Nd7 9.exd6 exd6 10.O-O Ne5 11.Qe2 Qe7 12.Bb3 a5 13.Re1 Ba6 14.Qd1 g5 15.
Be3 h6 16.Ne4 Bc8 17.Bd4 f6 18.Nxd6+ Qxd6 19.Qh5+ Kd7 20.Bxe5 fxe5 21.Rad1
Kc7 22.Rxd6 Bxd6 23.Qf7+ Bd7 24.Be6 Rad8 25.Rd1 Rhf8 26.Qh7 Rf6 27.Bh3 e4 
28.Qg7 Rf4 29.g3 Rf3 30.Bg4 Rff8 31.Rxd6 Kxd6 32.Bxd7 h5 33.Bh3 g4 34.Bf1 
Kc5 35.Qa7+ Kd6 36.Qxa5 c5 37.Bc4 Rc8 38.Qd2+ Ke7 39.Qd5 1-0

[Event "23rd EUR-ch"]
[Site "Vrnjacka Banja SRB"]
[Date "2023.03.11"]
[Round "9.156"]
[White "Zlatkov, Anton"]
[Black "Gaal, Zsoka"]
[Result "0-1"]
[WhiteElo "2174"]
[BlackElo "2320"]
[EventDate "2023.03.03"]
[PlyCount "71"]

1.e4 e5 2.Nf3 Nc6 3.Bc4 Nf6 4.d3 Bc5 5.c3 d6 6.O-O a5 7.Bb3 h6 8.Nbd2 Ba7 
9.Re1 g5 10.Nf1 g4 11.N3d2 h5 12.Nc4 h4 13.Be3 b5 14.Ncd2 a4 15.Bc2 Nh5 
16.Bxa7 Rxa7 17.g3 a3 18.b4 Be6 19.Nb3 Qg5 20.d4 Bc4 21.Ne3 Nf6 22.Nf5 
hxg3 23.fxg3 Kd7 24.Na5 Nxa5 25.bxa5 Kc8 26.Bd3 Be6 27.dxe5 Nd7 28.exd6 
Ne5 29.Be2 Bxf5 30.exf5 Qh6 31.h4 gxh3 32.Qd4 h2+ 33.Kh1 Qxd6 34.Qxd6 cxd6
35.Bxb5 Rxa5 36.c4 0-1

[Event "23rd EUR-ch"]
[Site "Vrnjacka Banja SRB"]
[Date "2023.03.11"]
[Round "9.157"]
[White "Van Dael, Siem"]
[Black "Sitbon, Itay"]
[Result "1-0"]
[WhiteElo "2312"]
[BlackElo "2144"]
[EventDate "2023.03.03"]
[PlyCount "120"]

1.e4 c5 2.Nf3 Nc6 3.d4 cxd4 4.Nxd4 g6 5.c4 Bg7 6.Be3 Qb6 7.Nb5 Qa5+ 8.Bd2 
Qd8 9.Bc3 Nf6 10.Bd3 d6 11.Nd2 e5 12.O-O a6 13.Na3 O-O 14.Nc2 a5 15.b3 Nd7
16.Ne3 Nc5 17.Bc2 Nd4 18.a3 Bh6 19.Nd5 Be6 20.b4 axb4 21.axb4 Rxa1 22.Bxa1
Na6 23.b5 Nc5 24.Bc3 f5 25.Bxd4 exd4 26.exf5 Bxd5 27.cxd5 d3 28.Bb1 Qg5 
29.Nb3 Nxb3 30.Qxb3 Qxf5 31.Qxd3 Qxd3 32.Bxd3 Rc8 33.f4 Rc3 34.Be2 Rc2 35.
Bg4 Bg7 36.Be6+ Kf8 37.g3 Bd4+ 38.Kh1 Ra2 39.Rf3 Ra1+ 40.Kg2 Ra2+ 41.Kh3 
Bg1 42.Kg4 Rxh2 43.Ra3 Bd4 44.Ra8+ Ke7 45.Rb8 b6 46.Rb7+ Kf8 47.Rd7 Bc5 
48.Kg5 Rb2 49.Kg4 Rh2 50.Rf7+ Ke8 51.Rg7 Bd4 52.Rg8+ Ke7 53.Rb8 Bc5 54.Bg8
Kf6 55.Rf8+ Kg7 56.Rc8 Kf6 57.Be6 Ke7 58.Rc7+ Kd8 59.Rb7 Bd4 60.Rb8+ Kc7 
1-0

[Event "23rd EUR-ch"]
[Site "Vrnjacka Banja SRB"]
[Date "2023.03.11"]
[Round "9.158"]
[White "Lorscheid, Gerhard"]
[Black "Palczert, Matyas"]
[Result "0-1"]
[WhiteElo "2140"]
[BlackElo "2304"]
[EventDate "2023.03.03"]
[PlyCount "53"]

1.Nf3 Nf6 2.c4 e6 3.g3 a6 4.Nc3 d5 5.cxd5 exd5 6.d4 Bd6 7.Bg2 O-O 8.O-O c6
9.Qb3 h6 10.Bf4 Bxf4 11.gxf4 Nfd7 12.e3 Re8 13.Ne5 Nf8 14.Kh1 Qe7 15.Qa3 
Qd8 16.Qb3 Nbd7 17.Qc2 Nxe5 18.fxe5 Ng6 19.f4 Nh4 20.Rf2 b5 21.Rg1 Re6 22.
b4 a5 23.a3 axb4 24.axb4 Rg6 25.Qb2 Qd7 26.Bf1 Rxg1+ 27.Kxg1 0-1

[Event "23rd EUR-ch"]
[Site "Vrnjacka Banja SRB"]
[Date "2023.03.11"]
[Round "9.159"]
[White "Ivanovic, Marko"]
[Black "Maksimovic, Branimir"]
[Result "0-1"]
[WhiteElo "2302"]
[BlackElo "2128"]
[EventDate "2023.03.03"]
[PlyCount "48"]

1.e4 e6 2.d4 d5 3.Nc3 Nf6 4.e5 Nfd7 5.f4 c5 6.Nf3 Nc6 7.Be3 cxd4 8.Nxd4 
Qb6 9.a3 Bc5 10.Na4 Qa5+ 11.c3 Bxd4 12.Bxd4 Nxd4 13.Qxd4 b6 14.Bd3 Ba6 15.
Bc2 Qb5 16.O-O-O Qc6 17.b3 Rc8 18.Kd2 O-O 19.Rhe1 f6 20.Nb2 fxe5 21.fxe5 
Rf4 22.Qe3 d4 23.Qh3 Qxc3+ 24.Qxc3 Rxc3 0-1

[Event "23rd EUR-ch"]
[Site "Vrnjacka Banja SRB"]
[Date "2023.03.11"]
[Round "9.160"]
[White "Vagman, Roy"]
[Black "Gkavardinas, Antonios"]
[Result "1-0"]
[WhiteElo "2298"]
[BlackElo "2121"]
[EventDate "2023.03.03"]
[PlyCount "69"]

1.e4 c6 2.d4 d5 3.e5 Bf5 4.Nd2 e6 5.Nb3 Nd7 6.Nf3 Ne7 7.Be2 Nc8 8.O-O Be7 
9.Be3 O-O 10.Ne1 f6 11.g4 Bg6 12.f4 fxe5 13.dxe5 Ncb6 14.Nd4 Bf7 15.c3 c5 
16.Ndf3 Bg6 17.Ng2 Qc7 18.Bf2 Be4 19.Bg3 Rad8 20.Bd3 Nb8 21.Qc2 Bxd3 22.
Qxd3 Nc6 23.Rad1 Nc4 24.Qe2 a6 25.b3 Na3 26.f5 Nb5 27.Qc2 d4 28.f6 gxf6 
29.exf6 Bd6 30.Ng5 d3 31.Rxd3 Na3 32.Qe2 Ne5 33.Bxe5 Bxe5 34.Rxd8 Rxd8 35.
f7+ 1-0

[Event "23rd EUR-ch"]
[Site "Vrnjacka Banja SRB"]
[Date "2023.03.11"]
[Round "9.161"]
[White "Sherman, Reem"]
[Black "Averin, Nikolai"]
[Result "1-0"]
[WhiteElo "2126"]
[BlackElo "2296"]
[EventDate "2023.03.03"]
[PlyCount "97"]

1.e4 c5 2.Nf3 d6 3.d4 cxd4 4.Nxd4 Nf6 5.Nc3 a6 6.Bg5 Nbd7 7.Qe2 Qc7 8.
O-O-O e6 9.f4 Be7 10.g4 O-O 11.Bg2 Re8 12.h4 Nb6 13.h5 Qc4 14.Qf3 h6 15.
Bh4 e5 16.Nf5 Bxf5 17.gxf5 exf4 18.Qxf4 Rac8 19.Bf1 Qc7 20.Bd3 Kh7 21.Rdg1
Nbd7 22.Qe3 Qc5 23.Qd2 Ne5 24.Bf2 Qc7 25.Rg3 Rg8 26.Rhg1 Qd7 27.Bd4 b5 28.
Kb1 Qb7 29.Qe3 b4 30.Ne2 a5 31.Nf4 a4 32.b3 axb3 33.axb3 Ra8 34.Qe2 Qc7 
35.Qg2 Bf8 36.Nd5 Nxd5 37.exd5 f6 38.Rg6 Qf7 39.Bb5 Kh8 40.Bc6 Rc8 41.Bxe5
dxe5 42.Bd7 Bc5 43.Bxc8 Bd4 44.c3 bxc3 45.Be6 c2+ 46.Qxc2 Ra8 47.Qc8+ Rxc8
48.Bxf7 Ra8 49.Rc1 1-0

[Event "23rd EUR-ch"]
[Site "Vrnjacka Banja SRB"]
[Date "2023.03.11"]
[Round "9.162"]
[White "Panic, Nenad"]
[Black "Kostov, Deyan Samuil"]
[Result "1-0"]
[WhiteElo "2295"]
[BlackElo "2120"]
[EventDate "2023.03.03"]
[PlyCount "103"]

1.Nf3 d5 2.b3 Nf6 3.Bb2 g6 4.c4 dxc4 5.bxc4 Bg7 6.e3 O-O 7.Be2 c5 8.O-O 
Nc6 9.Ne5 Nxe5 10.Bxe5 Nd7 11.Bxg7 Kxg7 12.f4 Nb6 13.Nc3 e5 14.fxe5 Qg5 
15.a4 Be6 16.Qb3 Rad8 17.Rad1 Qxe5 18.a5 Nc8 19.Bf3 Nd6 20.Nd5 Rd7 21.d4 
cxd4 22.exd4 Qg5 23.Ne3 Nf5 24.Nxf5+ Bxf5 25.Bxb7 Rb8 26.a6 Be4 27.Rf2 
Bxb7 28.d5 Qe5 29.axb7 Rbxb7 30.Qd3 Rbc7 31.Re2 Qf4 32.Re4 Qf6 33.Rf1 Qb6+
34.Kh1 Rc8 35.h3 a5 36.Qc3+ Kg8 37.c5 Rdd8 38.Qf3 Qa7 39.Qf6 Rf8 40.Re7 
Qxc5 41.Rxf7 Rxf7 42.Qxf7+ Kh8 43.Qf6+ Kg8 44.d6 Qc6 45.Qe6+ Kh8 46.Qf6+ 
Kg8 47.Qf7+ Kh8 48.d7 Rd8 49.Qf8+ Rxf8 50.Rxf8+ Kg7 51.d8=Q Qe6 52.Rf1 1-0

[Event "23rd EUR-ch"]
[Site "Vrnjacka Banja SRB"]
[Date "2023.03.11"]
[Round "9.163"]
[White "Krasteva, Beloslava"]
[Black "Jandric, Damjan"]
[Result "1-0"]
[WhiteElo "2292"]
[BlackElo "2104"]
[EventDate "2023.03.03"]
[PlyCount "62"]

1.d4 Nf6 2.c4 g6 3.Nc3 Bg7 4.e4 d6 5.h3 O-O 6.Nf3 e5 7.d5 Na6 8.Be3 Nh5 9.
g3 Qe8 10.Be2 f5 11.exf5 gxf5 12.Nh4 Nf6 13.Qd2 Nc5 14.Qc2 e4 15.O-O-O Bd7
16.Kb1 a6 17.Rdg1 Qe5 18.Qd2 Ne8 19.f4 Qf6 20.Rd1 Rf7 21.Ng2 Na4 22.Nxa4 
Bxa4 23.Bd4 Qg6 24.b3 Bd7 25.g4 fxg4 26.hxg4 Bxg4 27.Nh4 e3+ 28.Nxg6 exd2 
29.Bxg4 Bxd4 30.Nh4 Rxf4 31.Be6+ Kh8 1-0

[Event "23rd EUR-ch"]
[Site "Vrnjacka Banja SRB"]
[Date "2023.03.11"]
[Round "9.164"]
[White "Irizanin, Radoje"]
[Black "Stanojevic, Ilija"]
[Result "0-1"]
[WhiteElo "2288"]
[BlackElo "2096"]
[EventDate "2023.03.03"]
[PlyCount "108"]

1.b3 e5 2.Bb2 Nc6 3.c4 Nf6 4.e3 d5 5.cxd5 Nxd5 6.a3 Be7 7.Qc2 O-O 8.Nf3 
Qd6 9.d3 f5 10.Nbd2 Bf6 11.Rc1 Kh8 12.b4 a6 13.Qc5 Qd8 14.e4 Nb6 15.Qc2 
Qe8 16.h4 Qg6 17.h5 Qh6 18.Qb3 g5 19.Rxc6 bxc6 20.Nxe5 Kg7 21.exf5 Bxf5 
22.Be2 Rae8 23.d4 Nd5 24.g4 Be6 25.Ne4 Nf4 26.Bc4 Bd5 27.f3 Kh8 28.Kd2 Rd8
29.Kc2 Qg7 30.Ng3 Qg8 31.Nf5 Qe6 32.Re1 Bxe5 33.Bxd5 Rxd5 34.Rxe5 Rxe5 35.
dxe5 Qxb3+ 36.Kxb3 Ne6 37.h6 Kg8 38.Kc4 Kf7 39.Kd3 Rd8+ 40.Ke3 Rd1 41.Ke2 
Rh1 42.Bc3 Rh2+ 43.Kd3 Ra2 44.a4 c5 45.a5 cxb4 46.Bxb4 Nf4+ 47.Kc4 Rc2+ 
48.Kb3 Rf2 49.Nd4 Ne6 50.Nc6 Rxf3+ 51.Bc3 Rf4 52.Nb8 Nc5+ 53.Ka3 Ra4+ 54.
Kb2 Rxg4 0-1

[Event "23rd EUR-ch"]
[Site "Vrnjacka Banja SRB"]
[Date "2023.03.11"]
[Round "9.165"]
[White "Leszko, Bence"]
[Black "Vujcic, Milena"]
[Result "1/2-1/2"]
[WhiteElo "2283"]
[BlackElo "2072"]
[EventDate "2023.03.03"]
[PlyCount "95"]

1.e4 e5 2.Nf3 Nc6 3.Bc4 Bc5 4.d4 exd4 5.Ng5 Nh6 6.Nxf7 Nxf7 7.Bxf7+ Kxf7 
8.Qh5+ g6 9.Qxc5 d5 10.O-O dxe4 11.c3 Qd6 12.Qxd6 cxd6 13.cxd4 Nxd4 14.Nc3
Bf5 15.Bf4 Rac8 16.Bxd6 Rhd8 17.Be5 Nc2 18.Rac1 e3 19.fxe3 Nxe3 20.Rfe1 
Nc4 21.Re2 Nxe5 22.Rxe5 Rd2 23.Rb5 b6 24.Rf1 Ke6 25.Re1+ Kd7 26.Ree5 Re8 
27.Rbd5+ Rxd5 28.Rxd5+ Kc6 29.Kf2 a5 30.Rd4 g5 31.Rc4+ Kb7 32.Nb5 Be6 33.
Rc7+ Kb8 34.Rxh7 Bxa2 35.Rh6 Rf8+ 36.Kg3 Kb7 37.Rg6 Rg8 38.Rxg8 Bxg8 39.
Kg4 Kc6 40.Nc3 b5 41.Kxg5 b4 42.Ne2 a4 43.Kf4 Kc5 44.Ke3 Kc4 45.Nc1 a3 46.
bxa3 bxa3 47.Kd2 Kd4 48.Kc2 1/2-1/2

[Event "23rd EUR-ch"]
[Site "Vrnjacka Banja SRB"]
[Date "2023.03.11"]
[Round "9.166"]
[White "Kojovic, Dragan"]
[Black "Pogorelsky, Sofia"]
[Result "1-0"]
[WhiteElo "2272"]
[BlackElo "2102"]
[EventDate "2023.03.03"]
[PlyCount "71"]

1.e4 c5 2.Nf3 Nc6 3.d4 cxd4 4.Nxd4 Nf6 5.Nc3 e5 6.Nde2 h6 7.Ng3 Bb4 8.Bc4 
Ne7 9.O-O O-O 10.Qf3 Bxc3 11.Qxc3 d6 12.Rd1 Bg4 13.f3 Rc8 14.Qd3 Qc7 15.b3
Be6 16.Bxe6 fxe6 17.Qxd6 Qxd6 18.Rxd6 Rxc2 19.Rxe6 Ng6 20.Nf5 Rd8 21.Be3 
Rc3 22.Re1 Rcd3 23.Nxh6+ gxh6 24.Rxf6 Kg7 25.Rf5 Rc8 26.Kf2 Rc2+ 27.Re2 
Rdc3 28.Bd2 Rc6 29.g3 Kg8 30.a4 Rb2 31.Bxh6 Rxb3 32.Be3 Ra6 33.h4 Rxa4 34.
h5 Nf8 35.Rd2 Raa3 36.Bc5 1-0

[Event "23rd EUR-ch"]
[Site "Vrnjacka Banja SRB"]
[Date "2023.03.11"]
[Round "9.167"]
[White "Efremov, Vladislav"]
[Black "Goroskov, Maksim"]
[Result "1/2-1/2"]
[WhiteElo "2120"]
[BlackElo "2265"]
[EventDate "2023.03.03"]
[PlyCount "24"]

1.c4 e6 2.Nc3 f5 3.d4 Nf6 4.a3 b6 5.g3 Bb7 6.d5 b5 7.Nxb5 exd5 8.Bf4 d6 9.
Qb3 Nbd7 10.Bg2 Be7 11.Nd4 Nc5 12.Qc2 Qd7 1/2-1/2

[Event "23rd EUR-ch"]
[Site "Vrnjacka Banja SRB"]
[Date "2023.03.11"]
[Round "9.168"]
[White "Taspinar, Yanki"]
[Black "Horvat, Damjan"]
[Result "1-0"]
[WhiteElo "2262"]
[BlackElo "2095"]
[EventDate "2023.03.03"]
[PlyCount "59"]

1.e4 c5 2.Nf3 d6 3.d4 cxd4 4.Nxd4 Nf6 5.Nc3 a6 6.Bg5 Nbd7 7.Be3 e5 8.Nf5 
Nb6 9.Qd3 Bxf5 10.exf5 d5 11.f4 e4 12.Qd4 Nbd7 13.O-O-O Bc5 14.Qd2 Qc7 15.
Be2 d4 16.Bxd4 Bxd4 17.Qxd4 Qxf4+ 18.Kb1 Qxf5 19.g4 Qe5 20.g5 Qxg5 21.Nxe4
Nxe4 22.Qxd7+ Kf8 23.Bc4 Qe7 24.Rhe1 Re8 25.Qxe7+ Rxe7 26.Rd8+ Re8 27.
Rxe8+ Kxe8 28.Rxe4+ Kd8 29.Bxf7 Rf8 30.Bc4 1-0

[Event "23rd EUR-ch"]
[Site "Vrnjacka Banja SRB"]
[Date "2023.03.11"]
[Round "9.169"]
[White "Sredojevic, Ivan"]
[Black "Tregubenko, Nikolai"]
[Result "1-0"]
[WhiteElo "2255"]
[BlackElo "2022"]
[EventDate "2023.03.03"]
[PlyCount "97"]

1.e4 c5 2.Nf3 d6 3.Bb5+ Nd7 4.d4 cxd4 5.Qxd4 e5 6.Qd3 a6 7.Bxd7+ Bxd7 8.
O-O h6 9.a4 Nf6 10.c4 Be7 11.b3 O-O 12.Nc3 Bc6 13.Rd1 b5 14.Ba3 bxa4 15.
bxa4 Re8 16.Rac1 Qa5 17.c5 dxc5 18.Nxe5 Qc7 19.Nxc6 Qxc6 20.Qc4 Bf8 21.f3 
Rad8 22.Ne2 Bd6 23.g3 Rc8 24.Bb2 Nd7 25.Nd4 Qc7 26.Nf5 Ne5 27.Qc3 Bf8 28.
f4 Nc6 29.Nxg7 Nd4 30.Nxe8 Ne2+ 31.Kf2 Nxc3 32.Nxc7 Nxd1+ 33.Rxd1 Rxc7 34.
Rd8 Rc6 35.e5 Rc7 36.Kf3 Rb7 37.Bc1 Rb1 38.Be3 Rb3 39.Ke4 Kg7 40.f5 Rb4+ 
41.Kf3 Rb3 42.f6+ Kg8 43.Ke4 Rb4+ 44.Kf5 Rxa4 45.Bxh6 Ra2 46.Rxf8+ Kh7 47.
Bg7 Rf2+ 48.Kg5 Rxf6 49.Bxf6 1-0

[Event "23rd EUR-ch"]
[Site "Vrnjacka Banja SRB"]
[Date "2023.03.11"]
[Round "9.170"]
[White "Simonovic, Miroslav"]
[Black "Selbes, Tarik"]
[Result "0-1"]
[WhiteElo "2115"]
[BlackElo "2255"]
[EventDate "2023.03.03"]
[PlyCount "70"]

1.d4 Nf6 2.Bg5 d5 3.Bxf6 gxf6 4.e3 c5 5.c4 cxd4 6.Qxd4 Nc6 7.Qd2 d4 8.exd4
Nxd4 9.Bd3 h5 10.Na3 e5 11.Nc2 Qb6 12.O-O-O Bh6 13.Ne3 Bg4 14.Re1 O-O-O 
15.Qc3 Nf5 16.Kb1 Nxe3 17.fxe3 Bxe3 18.Qc2 Kb8 19.h3 Be6 20.Nf3 Rd6 21.Re2
Rhd8 22.c5 Bxc5 23.Bc4 Bd7 24.Nd2 Bf5 25.Qxf5 Rxd2 26.b3 Ba3 27.Rf1 Qb4 
28.Qxf6 Rd1+ 29.Rxd1 Rxd1+ 30.Kc2 Rc1+ 31.Kd3 Qc3+ 32.Ke4 Qd4+ 33.Kf5 Rf1+
34.Kg5 Bc1+ 35.Kxh5 Rxf6 0-1

[Event "23rd EUR-ch"]
[Site "Vrnjacka Banja SRB"]
[Date "2023.03.11"]
[Round "9.171"]
[White "Petrovic, Aleksa"]
[Black "Bjelanovic, Mile"]
[Result "1-0"]
[WhiteElo "2254"]
[BlackElo "2017"]
[EventDate "2023.03.03"]
[PlyCount "91"]

1.c4 Nf6 2.Nc3 d6 3.g3 g6 4.Bg2 Bg7 5.Nf3 Nbd7 6.O-O O-O 7.d4 e5 8.e4 a6 
9.h3 Rb8 10.Qc2 exd4 11.Nxd4 Ne5 12.b3 c5 13.Nde2 b5 14.f4 Ned7 15.cxb5 
axb5 16.Bb2 b4 17.Nd1 Re8 18.Nf2 Bb7 19.Rae1 Qe7 20.Nc1 Nh5 21.Bxg7 Nxg7 
22.Ncd3 Ne6 23.Qd2 Bc6 24.f5 Nd4 25.Ng4 f6 26.fxg6 hxg6 27.h4 Rf8 28.h5 
Ne5 29.Ndxe5 fxe5 30.hxg6 Bb5 31.Nh6+ Kg7 32.Nf7 Rh8 33.Nxh8 Bxf1 34.Rxf1 
Rxh8 35.Rf7+ Qxf7 36.gxf7 Kxf7 37.Qd3 Rh6 38.Qa6 Rg6 39.Qb7+ Kf8 40.g4 
Ne2+ 41.Kf2 Nd4 42.Ke3 Ne6 43.Qd7 Nf4 44.Bf1 Rf6 45.g5 Rg6 46.Bc4 1-0

[Event "23rd EUR-ch"]
[Site "Vrnjacka Banja SRB"]
[Date "2023.03.11"]
[Round "9.172"]
[White "Kienboeck, Benjamin"]
[Black "Garsky, Vladyslav"]
[Result "0-1"]
[WhiteElo "2066"]
[BlackElo "2253"]
[EventDate "2023.03.03"]
[PlyCount "38"]

1.e4 e6 2.d4 d5 3.Nc3 Bb4 4.e5 c5 5.a3 Ba5 6.b4 cxd4 7.bxa5 dxc3 8.Rb1 Ne7
9.Bd3 Qxa5 10.Qg4 Ng6 11.f4 Nd7 12.Be3 b6 13.Ne2 Ba6 14.Bxa6 Qxa6 15.Nxc3 
Qc4 16.Nb5 O-O 17.Qd1 Nxf4 18.Rb4 Nxg2+ 19.Kd2 Nxe3 0-1

[Event "23rd EUR-ch"]
[Site "Vrnjacka Banja SRB"]
[Date "2023.03.11"]
[Round "9.173"]
[White "Gallana, Marco"]
[Black "Cuzovic, Ognjen"]
[Result "1-0"]
[WhiteElo "2250"]
[BlackElo "2009"]
[EventDate "2023.03.03"]
[PlyCount "87"]

1.c4 e6 2.g3 Nf6 3.Bg2 d5 4.Nf3 Be7 5.O-O O-O 6.b3 Nbd7 7.Nc3 b6 8.Bb2 Bb7
9.d4 c5 10.Ne1 Ne4 11.cxd5 exd5 12.dxc5 Ndxc5 13.Nb5 Bf6 14.Nd4 Rc8 15.Nd3
Ne6 16.e3 Nxd4 17.Bxd4 Bxd4 18.exd4 Qd6 19.Re1 Rc7 20.Rc1 Nc3 21.Qd2 Rfc8 
22.Bh3 f5 23.Bxf5 Ne4 24.Qe3 Rxc1 25.Rxc1 Rxc1+ 26.Qxc1 Qf6 27.Bxe4 dxe4 
28.Qc4+ Qf7 29.Ne5 Qd5 30.Kf1 a5 31.Qxd5+ Bxd5 32.Nc4 a4 33.Nxb6 Bxb3 34.
a3 Kf7 35.Ke2 Ke6 36.Kd2 g5 37.Ke3 Kf5 38.h3 h5 39.g4+ hxg4 40.hxg4+ Kxg4 
41.Kxe4 Kh3 42.d5 Kg2 43.d6 Be6 44.Ke3 1-0

[Event "23rd EUR-ch"]
[Site "Vrnjacka Banja SRB"]
[Date "2023.03.11"]
[Round "9.174"]
[White "Orian, Noga"]
[Black "Blagojevic, Tijana"]
[Result "1/2-1/2"]
[WhiteElo "1957"]
[BlackElo "2238"]
[EventDate "2023.03.03"]
[PlyCount "94"]

1.d4 d5 2.c4 e6 3.Nf3 Nf6 4.g3 Bb4+ 5.Bd2 a5 6.Bg2 O-O 7.Qc2 c5 8.cxd5 
cxd4 9.Nxd4 Qb6 10.e3 exd5 11.O-O Nc6 12.Nxc6 bxc6 13.Rc1 Rb8 14.b3 Bd7 
15.Bxb4 axb4 16.Nd2 Rfc8 17.Qc5 Qxc5 18.Rxc5 Kf8 19.e4 Be6 20.Rac1 Ra8 21.
R1c2 Ke7 22.f4 Nd7 23.Rxc6 Rxc6 24.Rxc6 dxe4 25.Bxe4 Rxa2 26.f5 Bxf5 27.
Bxf5 Rxd2 28.Bxd7 Rxd7 29.Rc4 Rb7 30.h4 Ke6 31.Kg2 Ke5 32.Kh2 f5 33.Kg2 
Kf6 34.Kh2 Kg6 35.Kg2 Kh5 36.Kh2 h6 37.Kg2 g5 38.hxg5 hxg5 39.Kf2 Rb5 40.
Kg2 Ra5 41.Rxb4 Ra2+ 42.Kg1 Rb2 43.Kf1 f4 44.gxf4 g4 45.f5 Kg5 46.f6 Kxf6 
47.Rxg4 Rxb3 1/2-1/2

[Event "23rd EUR-ch"]
[Site "Vrnjacka Banja SRB"]
[Date "2023.03.11"]
[Round "9.175"]
[White "Krzywda, Andrzej"]
[Black "Biyiksiz, Ali Batuhan"]
[Result "1-0"]
[WhiteElo "2235"]
[BlackElo "1994"]
[EventDate "2023.03.03"]
[PlyCount "97"]

1.e4 c5 2.Nf3 e6 3.d4 cxd4 4.Nxd4 a6 5.h3 Nf6 6.Bd3 Nc6 7.Nxc6 bxc6 8.Bf4 
d6 9.O-O e5 10.Bg3 Be7 11.c4 O-O 12.Nc3 Be6 13.Qe2 a5 14.Rac1 Nd7 15.Na4 
f6 16.f3 Rb8 17.Rfd1 Nc5 18.Nxc5 dxc5 19.Bf2 Qb6 20.b3 Rfd8 21.Be3 g5 22.
Qf2 Kg7 23.Bf1 Rg8 24.Rb1 Qb4 25.h4 h6 26.Bd2 Qb6 27.Kh2 Kh7 28.g3 Rbf8 
29.Bh3 Bxh3 30.Kxh3 f5 31.exf5 Rxf5 32.g4 Rf7 33.Qe2 Rgf8 34.Qe4+ Kg7 35.
Rf1 Qc7 36.Bc3 Bd6 37.h5 Rf6 38.Rbd1 Re6 39.Qe1 a4 40.bxa4 Rf4 41.Qe2 Kg8 
42.Rde1 Qa7 43.Qc2 Rxc4 44.Re4 Qa6 45.Qb3 Rxe4 46.Qxe6+ Kg7 47.Qg6+ Kh8 
48.Qf6+ Kg8 49.fxe4 1-0

[Event "23rd EUR-ch"]
[Site "Vrnjacka Banja SRB"]
[Date "2023.03.11"]
[Round "9.176"]
[White "Miletic, Vuk"]
[Black "Vasilkov, Nikolai"]
[Result "0-1"]
[WhiteElo "2231"]
[BlackElo "1931"]
[EventDate "2023.03.03"]
[PlyCount "112"]

1.d4 d5 2.c4 e6 3.Nc3 Nf6 4.cxd5 exd5 5.Bg5 Be7 6.e3 c6 7.Qc2 O-O 8.Bd3 h6
9.Bf4 Re8 10.h3 a5 11.Nf3 Na6 12.a3 Nc7 13.O-O Ne6 14.Bh2 b5 15.Ne5 Bd7 
16.Bf5 Rc8 17.Rad1 Nf8 18.Nxd7 N8xd7 19.a4 b4 20.Ne2 Bf8 21.Be5 Ne4 22.f3 
Nd6 23.Bxd6 Bxd6 24.e4 c5 25.Bxd7 Qxd7 26.dxc5 Rxc5 27.Qb3 Bb8 28.Qd3 Qc7 
29.g3 dxe4 30.fxe4 Rce5 31.Qd7 Qb6+ 32.Kh1 Qg6 33.Qg4 Qxg4 34.hxg4 Rxe4 
35.Nf4 Be5 36.Rf2 Bxf4 37.gxf4 Re1+ 38.Rxe1 Rxe1+ 39.Kg2 b3 40.Kg3 Re3+ 
41.Kh4 Re4 42.f5 Rxa4 43.Rd2 Ra2 44.Rd8+ Kh7 45.Rd7 f6 46.Rd2 a4 47.Rd4 
Ra1 48.Rb4 Ra2 49.Kg3 Rxb2 50.Rxa4 Rb1 51.Rb4 b2 52.Kg2 h5 53.gxh5 Kh6 54.
Rb7 Kxh5 55.Kh2 Rf1 56.Rxb2 Rxf5 0-1

[Event "23rd EUR-ch"]
[Site "Vrnjacka Banja SRB"]
[Date "2023.03.11"]
[Round "9.177"]
[White "Kanov, Nikola"]
[Black "Bashylina, Luisa"]
[Result "1-0"]
[WhiteElo "2392"]
[BlackElo "2127"]
[EventDate "2023.03.03"]
[PlyCount "97"]

1.e4 c5 2.Nf3 d6 3.d4 cxd4 4.Nxd4 Nf6 5.Nc3 a6 6.Be3 e5 7.Nf3 Be7 8.Bc4 
O-O 9.O-O Nc6 10.Re1 b5 11.Bf1 Rb8 12.Bg5 Ng4 13.Bxe7 Nxe7 14.Qd2 b4 15.
Ne2 Qb6 16.Ng3 Bb7 17.Rad1 Rfd8 18.Bd3 a5 19.h3 Nf6 20.Nh4 Bc8 21.Kh2 Ng6 
22.Nxg6 hxg6 23.f4 Qc5 24.f5 gxf5 25.exf5 Bb7 26.Qg5 Nh7 27.Qh4 Qf2 28.Re2
Qf4 29.Qxf4 exf4 30.Ne4 Bc8 31.Nd2 Nf6 32.Nb3 Bb7 33.Rf2 a4 34.Nd4 Nd5 35.
Rdd2 Re8 36.Ne2 f3 37.gxf3 Nc7 38.Rd1 Re3 39.Nd4 Bd5 40.b3 axb3 41.axb3 f6
42.Ra1 Ra8 43.Rxa8+ Nxa8 44.Re2 Re5 45.Kg3 Kf7 46.Kf2 Nb6 47.Rd2 Nd7 48.
Nb5 Ke7 49.f4 1-0

[Event "23rd EUR-ch"]
[Site "Vrnjacka Banja SRB"]
[Date "2023.03.11"]
[Round "9.178"]
[White "Novkovic, Milan"]
[Black "Giacomini, Hector"]
[Result "1/2-1/2"]
[WhiteElo "2356"]
[BlackElo "2121"]
[EventDate "2023.03.03"]
[PlyCount "40"]

1.d4 d5 2.c4 e6 3.Nc3 Nf6 4.cxd5 exd5 5.Bg5 Be7 6.e3 O-O 7.Bd3 Nbd7 8.Nge2
c6 9.Qc2 Re8 10.O-O Nf8 11.f3 Be6 12.Rad1 Rc8 13.Bh4 b5 14.Rfe1 a6 15.Bf2 
c5 16.dxc5 Bxc5 17.a3 N8d7 18.Qb1 Ne5 19.Bc2 Qb6 20.Nd4 Nc4 1/2-1/2

[Event "23rd EUR-ch"]
[Site "Vrnjacka Banja SRB"]
[Date "2023.03.11"]
[Round "9.179"]
[White "Bashirli, Nail"]
[Black "Krunic, Dusan"]
[Result "1-0"]
[WhiteElo "2343"]
[BlackElo "2116"]
[EventDate "2023.03.03"]
[PlyCount "71"]

1.e4 c5 2.Nf3 Nc6 3.Bb5 e6 4.O-O Nge7 5.Re1 a6 6.Bf1 d5 7.exd5 Nxd5 8.d4 
Nf6 9.Be3 cxd4 10.Nxd4 Nxd4 11.Bxd4 Bd7 12.Nd2 Bc6 13.Nc4 b5 14.Ne5 Qc7 
15.a4 b4 16.c3 bxc3 17.Rc1 Bd5 18.Rxc3 Qb7 19.Qc1 Bd6 20.Qg5 Kf8 21.Bd3 h6
22.Qg3 Rd8 23.Rec1 Be4 24.Bf1 Bb8 25.Rb3 Qa8 26.Bb6 Re8 27.Bc7 Kg8 28.Nxf7
Kxf7 29.Bxb8 Nh5 30.Rc7+ Kf6 31.Qh4+ Kg6 32.Qg4+ Kh7 33.Qxh5 Rxb8 34.Qe5 
Rhg8 35.Rg3 Bg6 36.Rxg6 1-0

[Event "23rd EUR-ch"]
[Site "Vrnjacka Banja SRB"]
[Date "2023.03.11"]
[Round "9.180"]
[White "Gorodetzky, Matan"]
[Black "Hamiti, Gani"]
[Result "1-0"]
[WhiteElo "2319"]
[BlackElo "2112"]
[EventDate "2023.03.03"]
[PlyCount "113"]

1.e4 e5 2.Nf3 Nc6 3.Bb5 a6 4.Ba4 Nf6 5.O-O Be7 6.d3 b5 7.Bb3 d6 8.c3 O-O 
9.h3 h6 10.Re1 Na5 11.Bc2 c5 12.d4 Qc7 13.d5 Bd7 14.Nbd2 c4 15.Nf1 Nb7 16.
Be3 Nh7 17.Qd2 Qd8 18.Ng3 f6 19.Nh4 Kh8 20.Ng6+ Kg8 21.Nxf8 Nxf8 22.Bd1 
Qc8 23.Bg4 Bxg4 24.hxg4 Nd7 25.Nf5 Bf8 26.b4 a5 27.a3 a4 28.Qe2 Qe8 29.Qf3
Nd8 30.g3 Rb8 31.Kg2 Nf7 32.Nh4 Ng5 33.Qf5 Rb7 34.Rh1 Be7 35.f4 Nh7 36.Ng6
Ndf8 37.Nxf8 Bxf8 38.g5 fxg5 39.fxg5 g6 40.Qh3 h5 41.g4 Rg7 42.Rag1 Be7 
43.gxh5 gxh5 44.Qe6+ Qf7 45.Rxh5 Qxe6 46.dxe6 Rg6 47.Kf3 Kg7 48.Rh6 Nf8 
49.Kg4 Nxe6 50.Kf5 Nf8 51.Rgh1 Bd8 52.Rxg6+ Nxg6 53.Rh6 Ne7+ 54.Ke6 Ng8 
55.Kxd6 Nxh6 56.gxh6+ Kg6 57.Kc6 1-0

[Event "23rd EUR-ch"]
[Site "Vrnjacka Banja SRB"]
[Date "2023.03.11"]
[Round "9.181"]
[White "Lazic, Emanuel"]
[Black "Kisic, Bozidar"]
[Result "1/2-1/2"]
[WhiteElo "2041"]
[BlackElo "2283"]
[EventDate "2023.03.03"]
[PlyCount "66"]

1.e4 g6 2.d4 Bg7 3.Nc3 c6 4.Be3 d5 5.Qd2 a6 6.a4 b6 7.h4 h5 8.Nge2 dxe4 9.
Nxe4 Bf5 10.N2g3 Nh6 11.c3 Bxe4 12.Nxe4 Nf5 13.Bf4 Qd5 14.Bd3 O-O 15.O-O-O
b5 16.g4 hxg4 17.h5 Nd7 18.f3 b4 19.fxg4 Nd6 20.Nxd6 bxc3 21.bxc3 exd6 22.
hxg6 Rab8 23.Qh2 Nf6 24.g5 Qb3 25.Qc2 Qa3+ 26.Kd2 Rb2 27.gxf6 fxg6 28.Bxd6
Rxc2+ 29.Bxc2 Qxd6 30.Bb3+ Rf7 31.fxg7 Kxg7 32.Bxf7 Qf4+ 33.Kd3 Qf3+ 
1/2-1/2